000 00207nam a2200097Ia 4500
008 190216s9999||||xx |||||||||||||| ||und||
100 _aNull
245 0 _aAllauddin(Arabic Grammer)
260 _bNull
942 _cBK
999 _c247
_d247